01319 2200241 4500001002100000005001500021035002000036008004100056020002400097041000800121082001100129084001700140100001500157245004300172260004700215300003500262500001900297520065600316650003200972990002401004990002501028990002401053INLIS00000000000560820241018092040 a0010-0520005608241018 | 0 eng  a0 - 19 - 825948 - 4 aeng a342.44 a342.44 BEL f0 aBell, John1 aFrench Constitutional Law /cBell John aNew York :bOxford University Press,c1992 axxiv, 367 hal ; 23 cm ;c23 cm aIndeks : Index aThe purpose of the book is to provide an introduction to the legal side of France's Fifth Republic Constitution, notably the conttribution of the Conseil constituionnel.By supplyingtranslations of basic texts,it is hoped that the subject might become accessible, in particulerto students of law and politics who do not have the necessary linguistic skills to tackle the difficult structure of French legal texts. The tranlations are my own, and apologies are given to the reader for anyinaccuracies and infelicities of language that are not due to the notorious problems associated with the almost incomprehensible structure of French court judgments. 4aHukum Konstitusi - Perancis a00441/MKRI-P/V-2007 a06523/MKRI-P/XI-2007 a02506/MKRI-P/I-2006